000 00675nam a2200217 i 4500
001 33356
003 ES-MaACL
005 20250817141308.0
007 t|
008 030202s1986 sp ||||1| spa d
020 _a84-85876-50-4
245 0 0 _aBestiario medieval /
_cedición a cargo de Ignacio Malaxecheverría.
260 _aMadrid :
_bSiruela,
_c1986.
300 _aXXI, 292 p. :
_bil. ;
_c23 cm.
490 1 _aSelección de lecturas medievales ;
_v18
504 _aBibliografía.
700 1 _aMalaxecheverría, Ignacio
_975702
830 0 _aSelección de lecturas medievales ;
_v18
_9179419
852 _aES-MaACL
_jL-11097
_bR.112813
999 _c33356
_d33356